000 00716nam a2200229 i 4500
001 80927
003 ES-MaACL
005 20230906174330.0
007 t|
008 041102s1943 mx ||||1| spa d
020 _a968-16-0100-9
100 1 _aHorney, Karen.
_964226
245 1 3 _aEl nuevo psicoanálisis /
_cKaren Horney ; [traducción de Salvador Echevarría].
250 _a[1ª ed.].
260 _aMéxico :
_bFondo de Cultura Económica,
_c1943 (
_g1979 imp.)
300 _a226 p. ;
_c21 cm.
490 1 _aBiblioteca de psicoanálisis
700 1 _aEchevarría, Salvador.
_946556
830 0 _aBiblioteca de psicoanálisis
_9183688
852 _aES-MaACL
_jL-10664
_bR.112329
999 _c80927
_d80927